000 00575cam a22002294a 4500
005 20250605164316.0
008 250528s ||||||||||||||||||||||||d
035 _a22703
020 _a9780199211548
040 _aGR-AtMCL
_bgre
_dGR-AtMCL
_eAACR2
245 1 _aESSENTIAL LAW FOR JOURNALISTS
250 _a19
260 _bOxford University Press,
_c2007
300 _a587
700 1 _aBanks David
_98424
700 1 _aGreenwood Walter
_98425
700 1 _aMcnae L.C.J
_98426
700 1 _aWelsh Tom
_98427
942 _cBK
999 _c7750
_d7750